[Event "Cairo Al Ain op"]
[Site "Cairo"]
[Date "2023.12.01"]
[Round "8"]
[White "Ahmed Osman, Noor"]
[Black "Saad, Ahmed Mohamed"]
[Result "1-0"]
[WhiteElo "1645"]
[BlackElo "1961"]
[PlyCount "138"]
[EventDate "2023.11.27"]
[EventType "swiss"]
[EventRounds "10"]
[EventCountry "EGY"]
[SourceTitle "CB49_2023"]
[SourceDate "2023.12.06"]
[SourceVersion "1"]
[SourceVersionDate "2023.12.06"]
[SourceQuality "1"]

1. e4 c5 2. Nf3 d6 3. d4 cxd4 4. Nxd4 Nf6 5. Nc3 a6 6. f3 e6 7. Be3 Qc7 8. Qd2 Nbd7 9. g4 h6 10. h4 Nc5 11. 0-0-0 Bd7 12. Rg1 g6 13. g5 hxg5 14. hxg5 Nh5 15. f4 Qa5 16. f5 e5 17. fxg6 fxg6 18. Nb3 Nxb3+ 19. axb3 Bc6 20. Kb1 0-0-0 21. Qf2 Nf4 22. Bb6 Qb4 23. Bxd8 Kxd8 24. Nd5 Bxd5 25. exd5 Be7 26. Rg4 Rf8 27. Qh4 Qc5 28. Bg2 Qe3 29. Qe1 Qc5 30. Be4 Rh8 31. Rh4 Rf8 32. Rg4 b6 33. Qc3 Qxc3 34. bxc3 Rg8 35. Rh1 Rg7 36. Kb2 Kc7 37. b4 b5 38. Kb3 Ne2 39. Rh6 Nf4 40. c4 bxc4+ 41. Kxc4 Kb6 42. Rh8 Kb7 43. b5 axb5+ 44. Kxb5 Ne2 45. Kc4 Nf4 46. Rg1 Rf7 47. Rg8 Bf8 48. Bxg6 Rc7+ 49. Kb3 Bg7 50. Be4 Ne2 51. Rh1 Kb6 52. Rh7 Rc3+ 53. Kb2 Re3 54. Bd3 e4+ 55. Rgxg7 exd3 56. cxd3 Rxd3 57. g6 Rd2+ 58. Kb3 Rd3+ 59. Kc2 Rg3 60. Rb7+ Kc5 61. g7 Nd4+ 62. Kd2 Rg2+ 63. Ke1 Nc2+ 64. Kf1 Ne3+ 65. Ke1 Nc2+ 66. Kd1 Ne3+ 67. Kc1 Rg1+ 68. Kd2 Nxd5 69. Rh8 Rg2+ 1-0

[Event "Alexandria op 18th"]
[Site "Alexandria"]
[Date "2012.08.27"]
[Round "1"]
[White "Hesham, Abdelrahman"]
[Black "Saad, Ahmed Mohamed"]
[Result "1-0"]
[WhiteElo "2326"]
[BlackElo "1986"]
[PlyCount "103"]
[EventDate "2012.08.27"]
[EventType "swiss"]
[EventRounds "9"]
[EventCountry "EGY"]
[SourceTitle "CBM 150 Extra"]
[Source "ChessBase"]
[SourceDate "2012.10.19"]
[SourceVersion "1"]
[SourceVersionDate "2012.10.19"]
[SourceQuality "1"]

1. d4 Nf6 2. c4 c5 3. d5 e6 4. Nc3 exd5 5. cxd5 d6 6. e4 g6 7. h3 Bg7 8. Nf3 0-0 9. Bd3 Na6 10. 0-0 Re8 11. Re1 Nb4 12. Bc4 Rb8 13. Bf4 Nh5 14. Bh2 f5 15. e5 f4 16. e6 Na6 17. Qd2 Bh6 18. Re2 Nc7 19. a4 b6 20. Rae1 Re7 21. Ne5 dxe5 22. d6 Bxe6 23. dxe7 Qxd2 24. Rxd2 Re8 25. Bxe6+ Nxe6 26. Rxe5 Rxe7 27. Rd6 Kf7 28. Nd5 Re8 29. Rd7+ Kf8 30. g4 fxg3 31. fxg3 Bg7 32. Re2 Bd4+ 33. Kh1 Rd8 34. Rxd8+ Nxd8 35. g4 Ng7 36. Bd6+ Kg8 37. Be5 Nge6 38. Bb8 a6 39. Nxb6 Kf7 40. Nc4 Nc6 41. Ne5+ Bxe5 42. Bxe5 Ng5 43. Kg2 Nb4 44. Bc3 Nd5 45. Re5 Nf4+ 46. Kg3 Nfxh3 47. Re1 h5 48. Rh1 hxg4 49. Rf1+ Ke8 50. Kxg4 Kd7 51. Bd2 Ne4 52. Be3 1-0